=LDR 00000nam 2200000 4500 =001 INLIS000000000024495 =005 20200917015025 =035 ##$$a 0010-061300000024495 =008 200917################g##########0#ind## =041 ##$$a Ind =082 ##$$a 2X9.8 =090 ##$$a 2X9.8, Kha g =100 1#$$a Khalid, Khalid Muh =245 1#$$a Guru besar dalam berkurban, /$c Khalid Muh, khalid =260 ##$$a Bandung :$b cv. Diponegoro,$c 1994 =300 ##$$a 87 hlm, ; $c 11 x 18 cm =650 #4$$a tokoh tokoh islam =850 ##$$a NBPNMAT =084 ##$$a 2X9.8 KHA g =250 ##$$a cet.1 =990 ##$$a 00044456 =990 ##$$a 00044457 =990 ##$$a 00044458 =990 ##$$a 00044507